Представление документа в формате MARC21

Поле Инд. ПП Название Значение
Тип записи a
Библиографический уровень m
001 Контрольный номер bbfbb79f-5248-42dd-80f1-b5b539d72ec6
005 Дата корректировки 20131111210130.6
008 Кодируемые данные 001228 d
020 a ISBN 5-85220-131-6
c Цена, тираж 1.00
040 a Служба первич. каталог. RU-RKP
040 a Служба первич. каталог. НБ ТвГУ
041 a Код языка текста rus
080 a Индекс УДК 929Екатерина Вторая
a Индекс УДК 947.0"17"(092)
a Индекс УДК 957.0"17"(092)
084 a Индекс другой классификации/Индекс ББК Т3(2)464-532.1
090 x Авторский знак Б82
a Полочн. индекс Т3(2)46
100 1_ a Автор Борзаковский П.К.
245 a Заглавие Императрица Екатерина Вторая Великая
c Ответственность П.К. Борзаковский
260 0_ a Место издания Москва
b Издательство Панорама
c Дата издания 1991
300 a Объем 42,[2] с.
c Размеры 20 см
440 a Серия Попул. б-чка "Коробейник"
a Серия Сер. "Мгновения истории"
500 a Примечание В прил.: Отрывки из сочинений императрицы Екатерины II Великой.
650 a Основная рубрика Монархия
x Основная подрубрика История
y Хронологическая подрубрика 18 в.
z Географическая подрубрика Россия
650 a Основная рубрика Екатерина II (имп.), о ней
653 a Ключевые слова История России
a Ключевые слова Персоналии
653 a Ключевые слова Екатерина 2 (имп.), о ней
a Ключевые слова Монархия в России
852 t Порядковый номер экземпляра 1
p Инвентарный номер 633509
852 t Порядковый номер экземпляра 1
p Инвентарный номер 641901
930 a Новая/Ретро персоналии
954 a Дата поступления на обработку 20000524
999 a Подразделение 2 ч.з.
a Подразделение 2 *